nba 7 footers - Statistics

General Stats
  • This quiz has been taken 16 times
    9 since last reset
  • The average score is 96 of 546
Answer Stats
Rk Player PSP Ht Start Year End Year Team PSPPG % Correct
1 Kareem Abdul-Jabbar 81938 7-2 1970 1989 MIL,LAL 45.60
86%
273 Bol Bol 2048 7-3 2020 2025 DEN,ORL,PHO 11.38
71%
29 Jermaine O'Neal 27753 6-11 1997 2014 POR,IND,MIA,TOR,BOS,PHO,GSW 25.05
71%
33 Karl-Anthony Towns 26135 7-0 2016 2025 MIN,NYK 41.88
71%
173 Manute Bol 7080 7-7 1986 1995 WSB,GSW,PHI,MIA 10.84
71%
5 Shaquille O'Neal 60716 7-1 1993 2011 ORL,LAL,MIA,PHO,CLE,BOS 42.67
71%
2 Wilt Chamberlain 73495 7-1 1960 1973 PHW,SFW,PHI,LAL 60.99
71%
461 Alvin Jones 81 6-11 2002 2002 PHI 3.24
57%
31 Andre Drummond 26812 6-11 2013 2025 DET,CLE,LAL,BRK,PHI,CHI 29.73
57%
62 Andrew Bogut 18814 7-0 2006 2019 MIL,GSW,CLE,DAL,LAL 24.03
57%
39 Bill Cartwright 24930 7-1 1980 1995 NYK,CHI,SEA 22.93
57%
23 Bill Laimbeer 33241 6-11 1981 1994 CLE,DET 28.15
57%
16 Bob Lanier 39357 6-11 1971 1984 DET,MIL 38.36
57%
54 Brad Daugherty 22033 7-0 1987 1994 CLE 37.41
57%
27 Brook Lopez 30751 7-1 2009 2025 NJN,BRK,LAL,MIL 27.31
57%
55 Caldwell Jones 21324 6-11 1974 1990 PHI,HOU,CHI,POR,SAS 17.96
57%
25 Chris Bosh 32499 6-11 2004 2016 TOR,MIA 33.09
57%
43 Christian Laettner 23846 6-11 1993 2005 MIN,ATL,DET,DAL,WAS,MIA 26.12
57%
45 Dale Davis 23598 6-11 1992 2007 IND,POR,GSW,DET 19.17
57%
247 Damian Jones 2930 6-11 2017 2024 GSW,ATL,LAL,PHO,SAC,UTA,CLE 10.00
57%
12 David Robinson 45056 7-1 1990 2003 SAS 40.59
57%
35 DeAndre Jordan 25411 6-11 2009 2025 LAC,DAL,NYK,BRK,LAL,PHI,DEN 22.53
57%
326 Deyonta Davis 988 6-11 2017 2019 MEM,ATL 8.98
57%
24 Dikembe Mutombo 32678 7-2 1992 2009 DEN,ATL,PHI,NJN,NYK,HOU 25.20
57%
7 Dirk Nowitzki 58949 7-0 1999 2019 DAL 35.36
57%
381 Dwayne Jones 382 6-11 2006 2010 BOS,CLE,CHA,PHO,GSW 4.20
57%
494 Earl Jones 32 7-0 1985 1986 LAL,MIL 2.29
57%
80 Elmore Smith 17009 7-0 1972 1979 BUF,LAL,MIL,CLE 29.58
57%
516 Ernest Brown 10 7-0 2002 2002 MIA 3.33
57%
14 Giannis Antetokounmpo 40839 6-11 2014 2025 MIL 46.04
57%
71 Greg Monroe 17853 6-11 2011 2022 DET,MIL,BOS,PHO,PHI,TOR,MIN,UTA,WAS 26.45
57%
6 Hakeem Olajuwon 59811 7-0 1985 2002 HOU,TOR 43.25
57%
424 Ha Seung-Jin 160 7-3 2005 2006 POR 3.48
57%
50 Hot Rod Williams 22464 6-11 1987 1999 CLE,PHO,DAL 23.80
57%
122 Ivica Zubac 11643 7-0 2017 2025 LAL,LAC 20.43
57%
15 Jack Sikma 40360 6-11 1978 1991 SEA,MIL 33.38
57%
213 Jaxson Hayes 4275 7-0 2020 2025 NOP,LAL 12.72
57%
380 Jerome Jordan 382 7-0 2012 2015 NYK,BRK 5.70
57%
42 Joel Embiid 23983 7-0 2017 2025 PHI 48.26
57%
37 Jonas Valanciunas 25190 6-11 2013 2025 TOR,MEM,NOP,WAS 26.88
57%
86 Jusuf Nurkic 16123 7-0 2015 2025 DEN,POR,PHO 28.09
57%
366 Kai Jones 466 6-11 2022 2025 CHO,LAC 5.90
57%
8 Kevin Durant 56540 6-11 2008 2025 SEA,OKC,GSW,BRK,PHO 45.56
57%
4 Kevin Garnett 60960 6-11 1996 2016 MIN,BOS,BRK 37.98
57%
21 Kevin Willis 35344 7-0 1985 2007 ATL,MIA,GSW,HOU,TOR,DEN,SAS,DAL 23.22
57%
87 Kristaps Porzingis 15901 7-2 2016 2025 NYK,DAL,WAS,BOS 33.34
57%
145 Kwame Brown 9477 6-11 2002 2013 WAS,LAL,MEM,DET,CHA,GSW,PHI 15.16
57%
17 LaMarcus Aldridge 37886 6-11 2007 2022 POR,SAS,BRK 33.00
57%
532 Lewis Brown 4 6-11 1981 1981 WSB 2.00
57%
470 Malik Williams 68 6-11 2024 2024 TOR 9.71
57%
28 Marc Gasol 30099 6-11 2009 2021 MEM,TOR,LAL 30.40
57%
64 Mark Eaton 18627 7-4 1983 1993 UTA 19.63
57%
311 Mark Williams 1306 7-0 2023 2024 CHO 21.06
57%
179 Mitchell Robinson 6668 7-0 2019 2024 NYK 19.79
57%
287 Moses Brown 1758 7-2 2020 2025 POR,OKC,CLE,DAL,BRK,LAC,IND 11.42
57%
19 Nate Thurmond 37308 6-11 1964 1977 SFW,GSW,CHI,CLE 35.70
57%
18 Nikola Jokic 37462 6-11 2016 2025 DEN 48.78
57%
352 Orlando Robinson 604 7-0 2023 2025 MIA,SAC 8.51
57%
343 Ozell Jones 734 6-11 1985 1986 SAS,LAC 9.79
57%
10 Patrick Ewing 50105 7-0 1986 2002 NYK,SEA,ORL 37.90
57%
11 Pau Gasol 47120 7-0 2002 2019 MEM,LAL,CHI,SAS,MIL 34.60
57%
364 Paul Davis 476 6-11 2007 2010 LAC,WAS 5.80
57%
329 Perry Jones 947 6-11 2013 2015 OKC 6.11
57%
34 P.J. Brown 25442 6-11 1994 2008 NJN,MIA,CHH,NOH,NOK,CHI,BOS 21.29
57%
22 Rasheed Wallace 34329 6-11 1996 2013 WSB,POR,ATL,DET,BOS,NYK 26.69
57%
40 Rik Smits 24549 7-4 1989 2000 IND 25.28
57%
9 Robert Parish 51496 7-1 1977 1997 GSW,BOS,CHH,CHI 28.69
57%
83 Robin Lopez 16504 7-1 2009 2024 PHO,NOH,POR,NYK,CHI,MIL,WAS,ORL,CLE 15.99
57%
58 Rony Seikaly 19748 6-11 1989 1999 MIA,GSW,ORL,NJN 28.54
57%
38 Rudy Gobert 25106 7-1 2014 2025 UTA,MIN 29.78
57%
41 Serge Ibaka 24315 6-11 2010 2023 OKC,ORL,TOR,LAC,MIL 22.70
57%
85 Shawn Bradley 16166 7-6 1994 2005 PHI,NJN,DAL 18.48
57%
304 Steve Hayes 1378 7-0 1982 1986 DET,SAS,CLE,SEA,PHI,UTA 6.47
57%
3 Tim Duncan 64377 6-11 1998 2016 SAS 39.18
57%
36 Tyson Chandler 25219 7-0 2002 2020 CHI,NOK,NOH,CHA,DAL,NYK,PHO,LAL,HOU 20.40
57%
227 Victor Wembanyama 3791 7-4 2024 2025 SAS 44.60
57%
48 Vin Baker 22709 6-11 1994 2006 MIL,SEA,BOS,NYK,HOU,LAC 27.86
57%
20 Vlade Divac 35960 7-1 1990 2005 LAL,CHH,SAC 28.65
57%
13 Walt Bellamy 42172 6-11 1962 1975 CHP,CHZ,BAL,NYK,DET,ATL,NOJ 38.73
57%
358 Walter Roger Brown 511 6-11 1973 1980 LAL,DET,CHI 5.94
57%
73 Yao Ming 17313 7-6 2003 2011 HOU 33.68
57%
51 Zydrunas Ilgauskas 22453 7-3 1998 2011 CLE,MIA 24.33
57%
112 Andrea Bargnani 12557 7-0 2007 2016 TOR,NYK,BRK 22.38
43%
127 Andrew Bynum 11246 7-0 2006 2014 LAL,CLE,IND 22.86
43%
26 Artis Gilmore 31531 7-2 1972 1988 CHI,SAS,BOS 33.16
43%
77 Bill Walton 17109 6-11 1975 1987 POR,SDC,LAC,BOS 33.09
43%
538 Carl Bailey 2 7-0 1982 1982 POR 2.00
43%
75 Chris Kaman 17180 7-0 2004 2016 LAC,NOH,DAL,LAL,POR 22.82
43%
142 Cody Zeller 9916 6-11 2014 2024 CHA,CHO,POR,MIA,NOP 16.92
43%
181 Darko Milicic 6512 7-0 2004 2013 DET,ORL,MEM,MIN,NYK,BOS 13.32
43%
46 Elden Campbell 23397 6-11 1991 2005 LAL,CHH,NOH,SEA,DET,NJN 20.35
43%
191 Gheorghe Muresan 5940 7-7 1994 2000 WSB,NJN 19.16
43%
129 Greg Ostertag 11135 7-2 1996 2006 UTA,SAC 13.18
43%
347 Jabari Smith 711 6-11 2001 2005 SAC,PHI,NJN 6.18
43%
212 Jabari Smith Jr. 4286 6-11 2023 2025 HOU 24.77
43%
165 Jason Smith 7543 7-0 2008 2019 PHI,NOH,NOP,NYK,ORL,WAS,MIL 11.75
43%
130 Jason Thompson 11079 6-11 2009 2016 SAC,GSW,TOR 18.53
43%
49 Joe Barry Carroll 22652 7-0 1981 1991 GSW,HOU,NJN,DEN,PHO 31.29
43%
491 Kevin Thompson 34 6-11 1994 1994 POR 2.43
43%
114 Lauri Markkanen 12360 7-0 2018 2025 CHI,CLE,UTA 29.57
43%
490 Luke Zeller 35 6-11 2013 2013 PHO 2.19
43%
63 Marcin Gortat 18792 6-11 2008 2019 ORL,PHO,WAS,LAC 21.07
43%
30 Marcus Camby 27450 6-11 1997 2013 TOR,NYK,DEN,LAC,POR,HOU 26.09
43%
427 Marshall Plumlee 155 7-0 2017 2018 NYK,MIL 5.34
43%
74 Mehmet Okur 17200 6-11 2003 2012 DET,UTA,NJN 24.40
43%
217 Miles Plumlee 4036 6-11 2013 2019 IND,PHO,MIL,CHO,ATL 11.63
43%
84 Myles Turner 16429 6-11 2016 2025 IND 26.08
43%
44 Nene 23678 6-11 2003 2019 DEN,WAS,HOU 22.42
43%
91 Roy Hibbert 15306 7-2 2009 2017 IND,LAL,CHO,DEN 21.38
43%
108 Sam Bowie 13187 7-1 1985 1995 POR,NJN,LAL 24.42
43%
203 Stanley Roberts 5094 7-0 1992 2000 ORL,LAC,MIN,HOU,PHI 16.49
43%
79 Steven Adams 17041 6-11 2014 2025 OKC,NOP,MEM,HOU 21.85
43%
410 Tacko Fall 221 7-6 2020 2022 BOS,CLE 5.53
43%
52 Thurl Bailey 22288 6-11 1984 1999 UTA,MIN 22.36
43%
408 Tito Horford 222 7-1 1989 1994 MIL,WSB 3.42
43%
68 Tree Rollins 18390 7-1 1978 1995 ATL,CLE,DET,HOU,ORL 14.72
43%
499 Tyler Smith 28 6-11 2025 2025 MIL 3.11
43%
188 Tyler Zeller 5977 7-0 2013 2020 CLE,BOS,BRK,MIL,ATL,MEM,SAS 13.62
43%
378 William Smith 388 7-0 1972 1973 POR 12.93
43%
65 Zaza Pachulia 18614 6-11 2004 2019 ORL,MIL,ATL,DAL,GSW,DET 15.87
43%
140 Alex Len 10198 7-0 2014 2025 PHO,ATL,SAC,TOR,WAS 15.13
29%
110 Arvydas Sabonis 13142 7-3 1996 2003 POR 25.22
29%
56 Benoit Benjamin 19832 7-0 1986 2000 LAC,SEA,LAL,NJN,MIL,VAN,TOR,PHI,CLE 24.04
29%
225 Boban Marjanovic 3845 7-4 2016 2024 SAS,DET,LAC,PHI,DAL,HOU 10.62
29%
47 Brad Miller 23150 6-11 1999 2012 CHH,CHI,IND,SAC,HOU,MIN 25.22
29%
238 Chet Holmgren 3275 7-1 2024 2025 OKC 32.11
29%
369 Chris Johnson 436 6-11 2011 2013 BOS,POR,NOH,MIN 5.81
29%
443 Dakari Johnson 119 7-0 2018 2018 OKC 3.61
29%
61 Darryl Dawkins 18857 6-11 1976 1989 PHI,NJN,DET,UTA 22.58
29%
70 Dave Corzine 18010 6-11 1979 1991 WSB,SAS,CHI,ORL,SEA 18.78
29%
109 Deandre Ayton 13169 7-0 2019 2025 PHO,POR 31.81
29%
283 Dereck Lively II 1810 7-1 2024 2025 DAL 20.11
29%
325 Eric Mobley 993 6-11 1995 1997 MIL,VAN 8.79
29%
118 Ervin Johnson 11881 6-11 1994 2006 SEA,DEN,MIL,MIN 12.89
29%
163 Evan Mobley 7601 6-11 2022 2025 CLE 32.48
29%
359 George E. Johnson 500 6-11 1971 1974 BAL,HOU 6.25
29%
89 George Johnson 15506 6-11 1973 1986 GSW,BUF,NJN,SAS,ATL,SEA 16.10
29%
197 Greg Foster 5671 6-11 1991 2003 WSB,ATL,MIL,CHI,MIN,UTA,SEA,LAL,TOR 7.84
29%
282 Greg Oden 1835 7-0 2009 2014 POR,MIA 16.10
29%
194 Isaiah Hartenstein 5890 7-0 2019 2025 HOU,CLE,DEN,LAC,NYK,OKC 16.73
29%
117 Jakob Poeltl 11937 7-0 2017 2025 TOR,SAS 20.55
29%
363 Jamal Sampson 477 6-11 2003 2007 MIL,LAL,CHA,SAC,DEN 6.63
29%
57 James Donaldson 19759 7-2 1981 1995 SEA,SDC,LAC,DAL,NYK,UTA 19.60
29%
32 James Edwards 26766 7-0 1978 1996 IND,LAL,CLE,PHO,DET,LAC,POR,CHI 20.93
29%
97 Jarrett Allen 14222 6-11 2018 2025 BRK,CLE 27.19
29%
95 JaVale McGee 14728 7-0 2009 2024 WAS,DEN,PHI,DAL,GSW,LAL,CLE,PHO,SAC 14.97
29%
119 Jeff Foster 11843 6-11 2000 2012 IND 14.50
29%
60 Joakim Noah 18897 6-11 2008 2020 CHI,NYK,MEM,LAC 25.75
29%
413 John Edwards 207 7-0 2005 2006 IND,ATL 3.18
29%
377 Jontay Porter 399 6-11 2021 2024 MEM,TOR 10.78
29%
464 Kenyatta Johnson 77 6-11 2003 2003 MIA 4.81
29%
220 Larry Sanders 3888 6-11 2011 2017 MIL,CLE 16.07
29%
483 Lee Johnson 46 6-11 1981 1981 DET,HOU 3.83
29%
134 Luc Longley 10723 7-2 1992 2001 MIN,CHI,PHO,NYK 16.40
29%
233 Luke Kornet 3414 7-2 2018 2025 NYK,CHI,BOS,CLE,MIL 10.44
29%
517 Marcus Cousin 8 6-11 2011 2011 UTA 2.00
29%
141 Matt Geiger 10070 7-0 1993 2002 MIA,CHH,PHI 17.10
29%
53 Mike Gminski 22058 6-11 1981 1994 NJN,PHI,CHH,MIL 22.67
29%
478 Paul Grant 56 7-0 1999 2004 MIL,MIN,UTA 3.50
29%
115 Raef LaFrentz 12133 6-11 1999 2008 DEN,DAL,BOS,POR 20.29
29%
88 Ralph Sampson 15689 7-4 1984 1992 HOU,GSW,SAC,WSB 31.76
29%
417 Randell Jackson 198 6-11 1999 2000 WAS,DAL 7.07
29%
107 Rasho Nesterovic 13208 7-0 1999 2010 MIN,SAS,TOR,IND 15.09
29%
171 Richard Washington 7107 6-11 1977 1982 KCK,MIL,CLE,DAL 19.63
29%
69 Rich Kelley 18282 7-0 1976 1986 NOJ,NJN,PHO,DEN,UTA,SAC 21.28
29%
271 Ryan Kelly 2078 6-11 2014 2017 LAL,ATL 12.75
29%
276 Salah Mejri 1993 7-2 2016 2019 DAL 9.58
29%
177 Tiago Splitter 6788 6-11 2011 2017 SAS,ATL,PHI 16.16
29%
535 Trevor Winter 3 7-0 1999 1999 MIN 3.00
29%
241 Walker Kessler 3193 7-0 2023 2025 UTA 21.57
29%
137 Will Perdue 10470 7-0 1989 2001 CHI,SAS,POR 11.63
29%
215 Yi Jianlian 4196 7-0 2008 2012 MIL,NJN,WAS,DAL 15.37
29%
270 Alec Kessler 2110 6-11 1991 1994 MIA 9.95
14%
459 Aleksandar Radojevic 81 7-3 2000 2005 TOR,UTA 5.40
14%
237 Alexis Ajinca 3284 7-2 2009 2017 CHA,DAL,TOR,NOP 11.09
14%
386 Alex Sarr 354 7-0 2025 2025 WAS 23.60
14%
166 Alperen Sengun 7485 6-11 2022 2025 HOU 32.83
14%
72 Alton Lister 17390 7-0 1982 1998 MIL,SEA,GSW,BOS,POR 16.72
14%
111 Anderson Varejao 12601 6-11 2005 2021 CLE,GSW 17.50
14%
123 Andray Blatche 11626 6-11 2006 2014 WAS,BRK 19.67
14%
136 Andrew Lang 10638 6-11 1989 2000 PHO,PHI,ATL,MIN,MIL,CHI,NYK 13.66
14%
170 Bill Wennington 7157 7-0 1986 2000 DAL,SAC,CHI 9.06
14%
395 Bob Martin 310 7-0 1994 1995 LAC 5.74
14%
205 Brad Sellers 5078 7-0 1987 1993 CHI,MIN,SEA,DET 11.92
14%
105 Brendan Haywood 13487 7-0 2002 2015 WAS,DAL,CHA,CLE 15.50
14%
146 Bryant Reeves 9438 7-0 1996 2001 VAN 23.89
14%
526 Casey Shaw 5 6-11 1999 1999 PHI 0.56
14%
93 Channing Frye 15125 7-0 2006 2019 NYK,POR,PHO,ORL,CLE,LAL 16.11
14%
531 Charles Claxton 5 7-0 1996 1996 BOS 1.67
14%
121 Charlie Villanueva 11667 6-11 2006 2016 TOR,MIL,DET,DAL 17.54
14%
208 Cherokee Parks 4833 6-11 1996 2004 DAL,MIN,VAN,LAC,WAS,SAS,GSW 10.09
14%
126 Chris Dudley 11484 6-11 1988 2003 CLE,NJN,POR,NYK,PHO 12.15
14%
356 Chris Hunter 559 6-11 2010 2010 GSW 9.32
14%
180 Chris Mihm 6628 7-0 2001 2009 CLE,BOS,LAL 15.03
14%
348 Chuck Nevitt 704 7-5 1983 1994 HOU,LAL,DET,CHI,SAS 4.12
14%
189 Dan Gadzuric 5956 6-11 2003 2012 MIL,GSW,NJN,NYK 11.05
14%
59 Danny Schayes 19546 6-11 1982 1999 UTA,DEN,MIL,LAL,PHO,MIA,ORL 16.19
14%
328 David Andersen 948 6-11 2010 2011 HOU,NOH,TOR 9.20
14%
204 DeSagana Diop 5094 7-0 2002 2013 CLE,DAL,NJN,CHA 8.10
14%
160 Dewayne Dedmon 7872 7-0 2014 2023 GSW,ORL,PHI,SAS,ATL,SAC,MIA 14.42
14%
321 D.J. Mbenga 1096 7-0 2005 2011 DAL,GSW,LAL,NOH 4.17
14%
309 Earl Barron 1334 7-0 2006 2015 MIA,NYK,MIL,PHO,POR,GSW,WAS 9.46
14%
135 Eddy Curry 10658 7-0 2002 2013 CHI,NYK,MIA,DAL 20.22
14%
280 Elmore Spencer 1920 7-0 1993 1997 LAC,DEN,POR,SEA 12.00
14%
67 Erick Dampier 18465 6-11 1997 2012 IND,GSW,DAL,MIA,ATL 17.62
14%
202 Eric Montross 5106 7-0 1995 2002 BOS,DAL,NJN,DET,PHI,TOR 10.62
14%
151 Felton Spencer 8433 7-0 1991 2002 MIN,UTA,GSW,ORL,SAS,NYK 12.47
14%
209 Francisco Elson 4572 7-0 2004 2012 DEN,SAS,SEA,MIL,PHI,UTA 9.11
14%
393 Geoff Crompton 327 6-11 1979 1984 DEN,POR,MIL,SAS,CLE 3.99
14%
240 Goga Bitadze 3215 6-11 2020 2025 IND,ORL 12.00
14%
278 Greg Stiemsma 1963 6-11 2012 2015 BOS,MIN,NOP,TOR 8.80
14%
474 Hamady N'Diaye 62 7-0 2011 2014 WAS,SAC 1.88
14%
331 Hamed Haddadi 942 7-2 2009 2013 MEM,PHO 5.74
14%
303 Hasheem Thabeet 1384 7-3 2010 2014 MEM,HOU,POR,OKC 6.02
14%
96 Hassan Whiteside 14521 7-0 2011 2022 SAC,MIA,POR,UTA 26.99
14%
502 Isaac Humphries 27 7-0 2019 2019 ATL 5.40
14%
214 Jake Voskuhl 4211 6-11 2001 2009 CHI,PHO,CHA,MIL,TOR 9.23
14%
296 Jan Vesely 1535 6-11 2012 2014 WAS,DEN 9.48
14%
153 Jared Jeffries 8262 6-11 2003 2013 WAS,NYK,HOU,POR 12.63
14%
411 Jared Reiner 215 6-11 2005 2007 CHI,MIL 4.39
14%
207 Jarron Collins 4888 6-11 2002 2011 UTA,PHO,LAC,POR 8.46
14%
154 Jason Collins 8159 7-0 2002 2014 NJN,MEM,MIN,ATL,BOS,WAS,BRK 9.83
14%
226 Jawann Oldham 3832 7-0 1981 1991 DEN,HOU,CHI,NYK,SAC,LAL,ORL,IND 11.47
14%
371 Jay Huff 429 7-1 2022 2025 LAL,WAS,DEN,MEM 8.76
14%
81 Jim Chones 16665 6-11 1973 1982 CLE,LAL,WSB 25.29
14%
265 Jock Landale 2278 6-11 2022 2025 SAS,PHO,HOU 11.45
14%
164 Joel Przybilla 7578 7-1 2001 2013 MIL,ATL,POR,CHA 12.57
14%
206 Johan Petro 5031 7-0 2006 2013 SEA,DEN,OKC,NJN,ATL 10.16
14%
103 John Salley 13711 6-11 1987 2000 DET,MIA,CHI,TOR,LAL 15.55
14%
132 Jon Koncak 10858 7-0 1986 1996 ATL,ORL 12.97
14%
536 Keith Benson 3 6-11 2012 2012 GSW 1.00
14%
78 Kelly Olynyk 17074 6-11 2014 2024 BOS,MIA,HOU,DET,UTA,TOR 21.24
14%
167 Kelvin Cato 7455 6-11 1998 2007 POR,HOU,ORL,DET,NYK 13.27
14%
92 Kevin Duckworth 15281 7-0 1987 1997 POR,SAS,WSB,MIL,LAC 20.35
14%
434 Kevin Salvadori 139 7-0 1997 1998 SAC 3.56
14%
222 Kim Hughes 3881 6-11 1976 1981 NYN,NJN,DEN,CLE 11.28
14%
149 Kosta Koufos 9104 7-0 2009 2019 UTA,DEN,MIN,MEM,SAC 12.59
14%
338 Kyrylo Fesenko 827 7-1 2008 2012 UTA,IND 5.70
14%
239 LaRue Martin 3238 6-11 1973 1976 POR 11.95
14%
353 Mamadou N'Diaye 584 7-0 2001 2005 TOR,ATL,DAL,LAC 8.46
14%
370 Mario Kasun 434 7-1 2005 2006 ORL 5.95
14%
143 Mark Blount 9818 7-0 2001 2009 BOS,DEN,MIN,MIA 15.66
14%
94 Mel Counts 15002 7-0 1965 1976 BOS,BAL,LAL,PHO,PHI,NOJ 17.16
14%
198 Melvin Turpin 5656 6-11 1985 1990 CLE,UTA,WSB 15.20
14%
147 Michael Olowokandi 9226 7-0 1999 2007 LAC,MIN,BOS 17.91
14%
368 Moussa Diabate 442 6-11 2023 2025 LAC,CHO 8.84
14%
345 Neemias Queta 723 7-0 2022 2025 SAC,BOS 10.79
14%
155 Nenad Krstic 8124 7-0 2005 2011 NJN,OKC,BOS 18.17
14%
183 Nic Claxton 6331 6-11 2020 2025 BRK 23.02
14%
245 Nick Richards 2969 7-0 2021 2025 CHO 14.41
14%
193 Nikola Pekovic 5901 6-11 2011 2016 MIN 21.77
14%
66 Olden Polynice 18548 6-11 1988 2004 SEA,LAC,DET,SAC,UTA 16.94
14%
365 Olivier Sarr 467 7-0 2022 2024 OKC 10.15
14%
306 Omer Yurtseven 1364 7-0 2022 2024 MIA,UTA 10.49
14%
528 Patrick Eddie 5 6-11 1992 1992 NYK 1.25
14%
372 Patrick O'Bryant 421 7-0 2007 2010 GSW,BOS,TOR 4.68
14%
169 Paul Mokeski 7214 7-0 1980 1991 HOU,DET,CLE,MIL,GSW 9.45
14%
293 Pero Antic 1569 6-11 2014 2015 ATL 11.62
14%
521 Pete Nance 7 6-11 2024 2024 CLE 0.88
14%
360 Priest Lauderdale 500 7-4 1997 1998 ATL,DEN 6.49
14%
211 Primoz Brezec 4353 7-2 2002 2010 IND,CHA,DET,TOR,MIL,PHI 12.58
14%
138 Randy Breuer 10464 7-3 1984 1994 MIL,MIN,ATL,SAC 14.12
14%
400 Rich King 263 7-2 1992 1995 SEA 3.65
14%
158 Rick Robey 7993 6-11 1979 1986 BOS,IND,PHO 14.64
14%
284 Robert Sacre 1801 7-0 2013 2016 LAL 9.43
14%
330 Robert Swift 944 7-0 2005 2009 SEA,OKC 9.73
14%
152 Roy Tarpley 8416 6-11 1987 1995 DAL 27.68
14%
223 Ryan Hollins 3878 7-0 2007 2016 CHA,DAL,MIN,CLE,BOS,LAC,SAC,MEM,WAS 7.00
14%
76 Samuel Dalembert 17140 6-11 2002 2015 PHI,SAC,HOU,MIL,DAL,NYK 18.81
14%
354 Semih Erden 564 7-0 2011 2012 BOS,CLE 8.17
14%
523 Sim Bhullar 6 7-5 2015 2015 SAC 2.00
14%
102 Spencer Hawes 13718 7-1 2008 2017 SAC,PHI,CLE,LAC,CHO,MIL 19.11
14%
192 Stacey King 5934 6-11 1990 1997 CHI,MIN,MIA,BOS,DAL 11.89
14%
224 Steven Hunter 3849 7-0 2002 2010 ORL,PHO,PHI,DEN,MEM 9.08
14%
101 Swen Nater 13735 6-11 1974 1984 MIL,BUF,SDC,LAL 27.14
14%
495 Thomas Welsh 32 7-0 2019 2019 DEN 2.91
14%
482 Tibor Pleiss 46 7-3 2016 2016 UTA 3.83
14%
242 Todd MacCulloch 3137 7-0 2000 2003 PHI,NJN 11.79
14%
90 Tom Boerwinkle 15444 7-0 1969 1978 CHI 23.05
14%
144 Tom Burleson 9638 7-2 1975 1981 SEA,KCK,ATL 20.91
14%
116 Tony Battie 12098 6-11 1998 2012 DEN,BOS,CLE,ORL,NJN,PHI 13.55
14%
82 Troy Murphy 16523 6-11 2002 2013 GSW,IND,BOS,NJN,LAL,DAL 22.51
14%
99 Walter Dukes 14185 7-0 1956 1963 NYK,MNL,DET 24.12
14%
323 Wang Zhizhi 1026 7-0 2001 2005 DAL,LAC,MIA 6.71
14%
468 William Cunningham 70 6-11 1998 1999 PHI,UTA,NJN,TOR 3.04
14%
157 Willie Cauley-Stein 8069 7-0 2016 2022 SAC,DAL,GSW,PHI 18.85
14%
184 Zach Collins 6215 6-11 2018 2025 POR,SAS 17.61
14%
396 Zach Edey 301 7-4 2025 2025 MEM 21.50
14%
469 Zhou Qi 69 7-1 2018 2019 HOU 3.14
14%
249 Aaron Gray 2902 7-0 2008 2014 CHI,NOH,TOR,SAC 8.90
0%
448 A.J. Hammons 106 7-0 2017 2017 DAL 4.82
0%
374 Alan Ogg 412 7-2 1991 1993 MIA,MIL,WSB 4.96
0%
419 Al Carlson 189 6-11 1976 1976 SEA 6.75
0%
248 Aleksej Pokusevski 2915 7-0 2021 2024 OKC,CHO 17.35
0%
520 Alex Kirk 7 7-0 2015 2015 CLE 1.40
0%
355 Amal McCaskill 559 6-11 1997 2004 ORL,SAS,ATL,PHI 4.82
0%
500 Andreas Glyniadakis 27 7-1 2007 2007 SEA 2.08
0%
150 Andris Biedrins 8908 6-11 2005 2014 GSW,UTA 16.81
0%
313 Antonio Harvey 1293 6-11 1994 2003 LAL,LAC,VAN,SEA,POR,ATL 6.73
0%
394 Anzejs Pasecniks 323 7-1 2020 2021 WAS 11.54
0%
487 Ariel Hukporti 37 7-0 2025 2025 NYK 5.29
0%
367 Arnett Moultrie 453 6-11 2013 2014 PHI 7.68
0%
246 Austin Daye 2953 6-11 2010 2015 DET,MEM,SAS,TOR,ATL 9.91
0%
546 Barry Sumpter 0 6-11 1989 1989 LAC 0.00
0%
477 Ben Gillery 58 7-0 1989 1989 SAC 2.42
0%
106 Billy Paultz 13243 6-11 1971 1985 SAS,HOU,ATL,UTA 18.73
0%
139 Blair Rasmussen 10365 7-0 1986 1993 DEN,ATL 18.48
0%
447 Boniface N'Dong 108 7-0 2006 2006 LAC 4.70
0%
156 Brad Lohaus 8104 6-11 1988 1998 BOS,SAC,MIL,MIN,MIA,NYK,SAS,TOR 11.99
0%
444 Brad Wright 119 6-11 1987 1988 NYK,DEN 7.44
0%
376 Brett Szabo 400 6-11 1997 1997 BOS 5.71
0%
456 Brett Vroman 87 7-0 1981 1981 UTA 7.91
0%
387 Bruno Sundov 347 7-2 1999 2005 DAL,IND,BOS,CLE,NYK 3.37
0%
255 Byron Mullens 2667 7-0 2010 2014 OKC,CHA,LAC,PHI 14.04
0%
243 Calvin Booth 3055 6-11 2000 2009 WAS,DAL,SEA,MIL,PHI,MIN,SAC 8.10
0%
216 Carlos Rogers 4195 6-11 1995 2002 GSW,TOR,POR,HOU,IND 14.08
0%
484 Cezary Trybanski 40 7-2 2003 2004 MEM,NYK,PHO 1.82
0%
467 Cheikh Samb 71 7-1 2008 2009 DET,DEN,LAC,NYK 3.23
0%
289 Chris Anstey 1744 7-0 1998 2000 DAL,CHI 11.25
0%
335 Chris Engler 897 6-11 1983 1988 GSW,CHI,MIL,NJN,POR 4.58
0%
379 Chris McCullough 385 6-11 2016 2018 BRK,WAS 6.53
0%
357 Christian Koloko 541 7-1 2023 2025 TOR,LAL 8.20
0%
362 Chris Washburn 485 6-11 1987 1988 GSW,ATL 6.22
0%
339 Chris Welp 807 7-0 1988 1990 PHI,GSW,SAS 7.21
0%
342 Chuck Aleksinas 749 6-11 1985 1985 GSW 10.12
0%
113 Chuck Share 12385 6-11 1952 1960 FTW,MLH,STL,MNL 19.05
0%
269 Clifford Rozier 2111 6-11 1995 1998 GSW,TOR,MIN 12.20
0%
244 Cole Aldrich 3008 6-11 2011 2018 OKC,HOU,SAC,NYK,LAC,MIN 8.59
0%
480 Colin Castleton 54 6-11 2024 2025 LAL,MEM 2.45
0%
511 Cozell McQueen 15 6-11 1987 1987 DET 5.00
0%
435 Craig Raymond 139 6-11 1969 1973 PHI 5.15
0%
481 Craig Spitzer 47 7-0 1968 1968 CHI 4.27
0%
257 Cristiano Felicio 2612 6-11 2016 2021 CHI 10.12
0%
344 Curtis Borchardt 724 7-0 2004 2005 UTA 8.72
0%
349 Dalibor Bagaric 635 7-1 2001 2003 CHI 6.68
0%
479 Daniel Ochefu 55 6-11 2017 2017 WAS 2.39
0%
336 Daniel Santiago 848 7-1 2001 2005 PHO,MIL 6.84
0%
346 Dan Langhi 712 6-11 2001 2004 HOU,PHO,GSW,MIL 5.35
0%
486 Dan McClintock 39 7-0 2001 2001 DEN 6.50
0%
334 Darren Tillis 933 6-11 1983 1984 BOS,CLE,GSW 7.52
0%
455 Darryl Watkins 93 6-11 2008 2012 SAC,NOH 6.64
0%
264 Dave Feitl 2355 6-11 1987 1992 HOU,GSW,WSB,NJN 8.35
0%
286 Dave Hoppen 1765 6-11 1988 1993 GSW,MIL,CHH,PHI,NJN 10.26
0%
294 Dave Newmark 1540 7-0 1969 1971 CHI,ATL 10.20
0%
281 David Harrison 1861 7-0 2005 2008 IND 9.54
0%
275 Day'Ron Sharpe 2030 6-11 2022 2024 BRK 14.10
0%
291 Derrick Alston 1646 6-11 1995 1997 PHI,ATL 11.84
0%
403 Dexter Pittman 242 6-11 2011 2014 MIA,MEM,ATL 4.57
0%
508 Diamond Stone 17 6-11 2017 2017 LAC 2.43
0%
175 Dino Radja 6926 6-11 1994 1997 BOS 30.38
0%
545 Dmytro Skapintsev 0 7-1 2024 2024 NYK 0.00
0%
258 Donald Hodge 2552 7-0 1992 1996 DAL,CHH 10.25
0%
229 Donatas Motiejunas 3638 7-0 2013 2019 HOU,NOP,SAS 13.89
0%
219 Don Otten 3933 6-11 1950 1953 TRI,WSC,BLB,FTW,MLH 17.56
0%
399 Donovan Clingan 269 7-2 2025 2025 POR 15.82
0%
253 Donte Greene 2734 6-11 2009 2012 SAC 10.81
0%
401 Doug Roth 262 6-11 1990 1990 WSB 6.24
0%
263 Dragan Bender 2368 7-0 2017 2020 PHO,GSW,MIL 12.66
0%
182 Duane Causwell 6422 7-0 1991 2001 SAC,MIA 11.70
0%
320 Duop Reath 1099 6-11 2024 2025 POR 14.09
0%
297 Dwayne Schintzius 1525 7-1 1991 1999 SAS,SAC,NJN,IND,LAC,BOS 6.87
0%
506 Edmund Lawrence 19 7-0 1981 1981 DET 6.33
0%
514 Ed Stokes 12 7-0 1998 1998 TOR 3.00
0%
457 Edy Tavares 86 7-3 2016 2017 ATL,CLE 6.62
0%
453 Efthimios Rentzias 100 6-11 2003 2003 PHI 2.86
0%
218 Eric Leckner 3933 6-11 1989 1997 UTA,CHH,SAC,PHI,DET,VAN 8.63
0%
308 Eric Riley 1359 7-0 1994 1999 HOU,LAC,MIN,DAL,BOS 7.31
0%
307 Evan Eschmeyer 1362 6-11 2000 2003 NJN,DAL 8.46
0%
513 Fab Melo 14 7-0 2013 2013 BOS 2.33
0%
268 Festus Ezeli 2178 6-11 2013 2016 GSW 9.68
0%
533 Filip Petrusev 4 6-11 2024 2024 PHI,SAC 1.33
0%
174 Frank Kaminsky 7007 7-0 2016 2023 CHO,PHO,ATL,HOU 16.30
0%
458 Garret Siler 84 6-11 2011 2011 PHO 4.00
0%
519 Garth Joseph 7 7-2 2001 2001 DEN,TOR 1.75
0%
450 Gary Leonard 102 7-1 1990 1992 MIN,ATL 3.09
0%
505 Geert Hammink 25 7-0 1994 1996 ORL,GSW 3.13
0%
337 George Zidek 829 7-0 1996 1998 CHH,DEN,SEA 6.14
0%
382 Georgios Papagiannis 371 7-1 2017 2018 SAC,POR 9.51
0%
290 Granville Waiters 1648 6-11 1984 1988 IND,HOU,CHI 6.29
0%
433 Greg Butler 140 6-11 1989 1991 NYK,LAC 2.55
0%
256 Greg Dreiling 2660 7-1 1987 1997 IND,DAL,CLE 5.51
0%
398 Greg Fillmore 276 7-1 1971 1972 NYK 4.84
0%
195 Greg Kite 5806 6-11 1984 1995 BOS,LAC,CHH,SAC,ORL,IND,NYK 7.84
0%
537 Guy Rucker 3 6-11 2003 2003 GSW 1.00
0%
190 Hank Finkel 5951 7-0 1967 1975 LAL,SDR,BOS 10.19
0%
305 Hanno Mottola 1366 6-11 2001 2002 ATL 8.81
0%
279 Harry Giles 1943 6-11 2019 2024 SAC,POR,BRK,LAL 11.70
0%
266 Hilton Armstrong 2197 6-11 2007 2014 NOK,NOH,HOU,SAC,ATL,WAS,GSW 6.89
0%
442 Horacio Llamas 123 6-11 1997 1998 PHO 4.39
0%
159 Ian Mahinmi 7922 6-11 2008 2020 SAS,DAL,IND,WAS 11.56
0%
438 Ibou Badji 134 7-1 2024 2024 POR 6.09
0%
542 Jaime Echenique 0 6-11 2022 2022 WAS 0.00
0%
236 Jake Tsakalidis 3318 7-2 2001 2007 PHO,MEM,HOU 10.21
0%
124 Jamaal Magloire 11598 6-11 2001 2012 CHH,NOH,MIL,POR,DAL,NJN,MIA,TOR 15.98
0%
259 James Wiseman 2532 7-0 2021 2025 GSW,DET,IND 17.11
0%
300 Jason Collier 1454 7-0 2001 2005 HOU,ATL 9.63
0%
466 Jason Lawson 71 6-11 1998 1998 ORL 4.18
0%
515 Jeff Foote 11 7-0 2012 2012 NOH 2.75
0%
161 Jeff Wilkins 7870 6-11 1981 1986 UTA,SAS 16.46
0%
295 Jeff Withey 1537 7-0 2014 2018 NOP,UTA,DAL 7.32
0%
503 Jerome Henderson 26 6-11 1986 1987 LAL,MIL 3.25
0%
228 Jerome James 3649 7-0 1999 2009 SAC,SEA,NYK 9.73
0%
299 Jim Eakins 1468 6-11 1969 1978 KCK,MIL,SAS 12.44
0%
428 Jim Grandholm 155 7-0 1991 1991 DAL 5.96
0%
446 Jim Johnstone 109 6-11 1983 1983 DET,SAS 4.74
0%
267 Jim McDaniels 2194 6-11 1972 1978 SEA,LAL,BUF 11.92
0%
234 Jim McIlvaine 3399 7-1 1995 2001 WSB,SEA,NJN 8.25
0%
341 Jim Neal 782 6-11 1954 1955 SYR,BLB 8.59
0%
389 Jim Slaughter 345 6-11 1952 1952 BLB 12.32
0%
510 Jim Zoet 16 7-1 1983 1983 DET 2.29
0%
133 Joe Kleine 10834 6-11 1986 2000 SAC,BOS,PHO,LAL,NJN,CHI,POR 10.67
0%
187 Joe Wolf 6036 6-11 1988 1999 LAC,DEN,BOS,POR,CHH,ORL,MIL 9.96
0%
261 Joffrey Lauvergne 2433 6-11 2015 2018 DEN,CHI,OKC,SAS 11.48
0%
452 John Butler 100 7-0 2023 2023 POR 5.26
0%
460 John Coker 81 7-0 1996 2001 PHO,WAS,GSW 3.24
0%
322 John Shasky 1028 6-11 1989 1991 MIA,GSW,DAL 7.56
0%
250 Jonathan Bender 2783 6-11 2000 2010 IND,NYK 9.40
0%
544 Jonathan Kerner 0 6-11 1999 1999 ORL 0.00
0%
530 Jon Teske 5 7-1 2022 2022 MEM 1.67
0%
301 Justin Hamilton 1406 7-0 2014 2017 CHA,MIA,MIN,BRK 12.44
0%
412 Justin Patton 213 6-11 2018 2021 MIN,PHI,OKC,HOU 9.68
0%
507 Karlo Matkovic 17 6-11 2025 2025 NOP 4.25
0%
318 Keith Closs 1153 7-3 1998 2000 LAC 8.87
0%
416 Keith Tower 199 6-11 1994 1997 ORL,LAC,MIL 3.75
0%
492 Kel'el Ware 33 7-0 2025 2025 MIA 4.13
0%
178 Keon Clark 6703 6-11 1999 2004 DEN,TOR,SAC,UTA 17.59
0%
125 Kevin Kunnert 11539 7-0 1974 1982 BUF,HOU,SDC,POR 19.96
0%
501 Kosta Perovic 27 7-2 2008 2008 GSW 3.86
0%
529 Kyle Alexander 5 6-11 2020 2020 MIA 2.50
0%
404 Kyle Filipowski 238 6-11 2025 2025 UTA 17.00
0%
534 Lance Allred 4 6-11 2008 2008 CLE 1.33
0%
375 Len Kosmalski 406 7-0 1975 1976 KCO,KCK 4.95
0%
439 Les Jepsen 134 7-0 1991 1992 GSW,SAC 2.58
0%
292 Loren Woods 1574 7-1 2002 2008 MIN,MIA,TOR,HOU 7.19
0%
104 Lorenzen Wright 13664 6-11 1997 2009 LAC,ATL,MEM,SAC,CLE 17.23
0%
315 Lucas Nogueira 1237 7-0 2015 2018 TOR 8.03
0%
430 Luke Schenscher 149 7-1 2006 2007 CHI,POR 4.38
0%
332 Luke Witte 940 7-0 1974 1976 CLE 7.52
0%
493 Luther Wright 32 7-2 1994 1994 UTA 2.13
0%
373 Maciej Lampe 419 6-11 2004 2006 PHO,NOH,HOU,NOK 6.55
0%
231 Mark Acres 3549 6-11 1988 1993 BOS,ORL,HOU,WSB 9.01
0%
272 Mark McNamara 2050 6-11 1983 1991 PHI,SAS,KCK,LAL,ORL 7.17
0%
488 Marko Simonovic 37 6-11 2022 2023 CHI 2.31
0%
421 Martin Nessley 182 7-2 1988 1988 LAC,SAC 4.14
0%
525 Martynas Andriuskevicius 6 7-2 2006 2006 CLE 1.00
0%
120 Marvin Webster 11800 7-1 1976 1987 DEN,SEA,NYK,MIL 18.82
0%
383 Matt Fish 370 6-11 1995 1997 LAC,DEN,NYK,MIA,WSB 7.40
0%
496 Matt Wenstrom 32 7-1 1994 1994 BOS 2.91
0%
390 Mengke Bateer 340 6-11 2002 2004 DEN,SAS,TOR 7.39
0%
199 Meyers Leonard 5608 7-0 2013 2023 POR,MIA,MIL 11.54
0%
185 Michael Doleac 6087 6-11 1999 2008 ORL,CLE,NYK,DEN,MIA,MIN 9.85
0%
431 Mickell Gladness 148 6-11 2012 2012 GSW,MIA 5.69
0%
429 Mike Brittain 150 7-0 1986 1987 SAS 3.85
0%
312 Mike Smrek 1296 7-0 1986 1992 CHI,LAL,SAS,GSW,LAC 6.03
0%
522 Mike Tobey 7 7-0 2017 2017 CHO 3.50
0%
172 Mikki Moore 7085 6-11 1999 2012 DET,ATL,BOS,NJN,UTA,LAC,SEA,SAC,GSW 12.03
0%
540 Mile Ilic 1 7-1 2007 2007 NJN 0.20
0%
462 Milos Babic 80 7-0 1991 1992 CLE,MIA 3.81
0%
384 Miroslav Raduljica 369 7-0 2014 2015 MIL,MIN 6.96
0%
201 Mo Bamba 5365 7-0 2019 2025 ORL,LAL,PHI,LAC 15.78
0%
196 Moritz Wagner 5773 6-11 2019 2025 LAL,WAS,BOS,ORL 16.08
0%
471 Mouhamed Gueye 67 6-11 2024 2025 ATL 7.44
0%
414 Mouhamed Sene 206 6-11 2007 2009 SEA,NYK,OKC 4.38
0%
475 Nate Huffman 60 7-1 2003 2003 TOR 8.57
0%
405 Nick Fazekas 237 6-11 2008 2008 DAL,LAC 9.12
0%
350 Nick Vanos 629 7-1 1986 1987 PHO 9.25
0%
319 Nikoloz Tskitishvili 1144 7-0 2003 2006 DEN,GSW,MIN,PHO 6.50
0%
449 Ognjen Kuzmic 103 7-1 2014 2015 GSW 2.58
0%
340 Oleksiy Pecherov 792 7-0 2008 2010 WAS,MIN 6.95
0%
168 Omer Asık 7353 7-0 2011 2018 CHI,HOU,NOP 14.47
0%
100 Otto Moore 13839 6-11 1969 1977 DET,PHO,HOU,KCO,NOJ 20.29
0%
333 Pat Burke 934 6-11 2003 2007 ORL,PHO 6.72
0%
512 Pavel Podkolzin 14 7-5 2005 2006 DAL 2.33
0%
509 Peter John Ramos 16 7-3 2005 2005 WAS 2.67
0%
489 Petr Cornelie 36 6-11 2022 2022 DEN 2.77
0%
285 Petur Guðmundsson 1776 7-2 1982 1989 POR,LAL,SAS 10.83
0%
221 Predrag Drobnjak 3882 6-11 2002 2005 SEA,LAC,ATL 13.81
0%
327 Rafael Araujo 958 6-11 2005 2007 TOR,UTA 6.65
0%
472 Ralph Drollinger 65 7-2 1981 1981 DAL 10.83
0%
498 Ralph Siewert 28 7-1 1947 1947 STB,TRH 1.33
0%
497 Rastko Cvetkovic 30 7-1 1996 1996 DEN 2.14
0%
524 Ratko Varda 6 7-1 2002 2002 DET 6.00
0%
98 Ray Felix 14189 6-11 1954 1962 BLB,NYK,MNL,LAL 21.02
0%
210 Reggie Harding 4390 7-0 1964 1968 DET,CHI 21.41
0%
392 Rich Manning 327 6-11 1996 1997 VAN,LAC 5.64
0%
402 Rich Niemann 255 7-0 1969 1972 DET,MIL,BOS 6.38
0%
423 Robert Archibald 172 6-11 2003 2004 MEM,ORL,PHO,TOR 3.91
0%
409 Robert Werdann 221 6-11 1993 1997 DEN,NJN 4.70
0%
504 Rolando Ferreira 25 7-1 1989 1989 POR 2.08
0%
388 Ron Cavenall 346 7-1 1985 1989 NYK,NJN 5.97
0%
541 Ron Crevier 1 7-0 1986 1986 DET,GSW 0.33
0%
485 Ron Moore 39 7-0 1988 1988 DET,PHO 2.79
0%
440 Ruben Boumtje-Boumtje 133 7-0 2002 2004 POR 3.02
0%
406 Ryan Stack 226 6-11 1999 2000 CLE 5.26
0%
298 Sandro Mamukelashvili 1468 6-11 2022 2025 MIL,SAS 10.27
0%
230 Santi Aldama 3607 6-11 2022 2025 MEM 18.59
0%
473 Sasha Kaun 64 6-11 2016 2016 CLE 2.56
0%
186 Scot Pollard 6085 6-11 1998 2008 DET,SAC,IND,CLE,BOS 10.75
0%
436 Scott Haskin 139 6-11 1994 1994 IND 5.15
0%
232 Sharone Wright 3518 6-11 1995 1998 PHI,TOR 17.33
0%
437 Shayne Whittington 136 6-11 2015 2016 IND 5.04
0%
543 Slavko Vranes 0 7-5 2004 2004 POR 0.00
0%
441 Solomon Alabi 125 7-1 2011 2012 TOR 4.81
0%
422 Soumaila Samake 175 7-0 2001 2003 NJN,LAL 3.72
0%
465 Stephen Zimmerman 73 7-0 2017 2017 ORL 3.84
0%
426 Steve Hamer 156 7-0 1997 1997 BOS 4.46
0%
527 Steven Hill 5 7-0 2009 2009 OKC 5.00
0%
128 Steve Stipanovich 11221 6-11 1984 1988 IND 27.57
0%
310 Stojko Vrankovic 1317 7-2 1991 1999 BOS,MIN,LAC 7.61
0%
260 Stuart Gray 2441 7-0 1985 1991 IND,CHH,NYK 6.21
0%
274 Swede Halbrook 2032 7-3 1961 1962 SYR 13.46
0%
445 Sylvester Norris 110 6-11 1980 1980 SAS 6.47
0%
397 Thomas Hamilton 278 7-2 1996 2000 BOS,HOU 8.42
0%
251 Thon Maker 2749 7-0 2017 2021 MIL,DET,CLE 9.85
0%
162 Tim McCormick 7840 6-11 1985 1992 SEA,PHI,NJN,HOU,ATL,NYK 15.74
0%
176 Timofey Mozgov 6858 7-1 2011 2018 DEN,NYK,CLE,LAL,BRK 13.88
0%
518 Tim Ohlbrecht 7 6-11 2013 2013 HOU 2.33
0%
451 Tim Young 102 7-0 2000 2000 GSW 4.08
0%
288 Todd Fuller 1751 6-11 1997 2001 GSW,UTA,CHH,MIA 7.45
0%
463 Todd Mundt 78 7-0 1996 1996 ATL,BOS 2.36
0%
302 Tom Barker 1404 6-11 1977 1979 ATL,BOS,HOU,NYK 14.33
0%
131 Tom McMillen 11071 6-11 1976 1986 BUF,NYK,ATL,WSB 14.66
0%
407 Tom Payne 226 7-2 1972 1972 ATL 7.53
0%
476 Tom Piotrowski 60 7-1 1984 1984 POR 3.33
0%
420 Tom Scheffler 182 6-11 1985 1985 POR 4.33
0%
235 Travis Knight 3326 7-0 1997 2003 LAL,BOS,NYK 8.36
0%
361 Trey Jemison 487 6-11 2024 2025 MEM,WAS,NOP 13.53
0%
425 Tristan Vukcevic 159 7-0 2024 2024 WAS 15.90
0%
314 Uwe Blab 1249 7-1 1986 1990 DAL,GSW,SAS 5.16
0%
418 Viacheslav Kravtsov 194 7-0 2013 2014 DET,PHO 4.31
0%
454 Vic Bartolome 100 7-0 1972 1972 GSW 2.63
0%
432 Vincent Poirier 143 7-0 2020 2021 BOS,PHI 4.33
0%
385 Vitor Luiz Faverani 365 6-11 2014 2014 BOS 9.86
0%
252 Vladimir Stepania 2740 7-0 1999 2004 SEA,NJN,MIA,POR 10.15
0%
324 Wallace Bryant 1009 7-0 1984 1986 CHI,DAL,LAC 9.70
0%
415 Walter Palmer 203 7-1 1991 1993 UTA,DAL 4.06
0%
148 Walt Wesley 9130 6-11 1967 1976 CIN,CHI,CLE,PHO,CAP,MIL,PHI,LAL 15.27
0%
277 William Bedford 1989 7-0 1987 1993 PHO,DET,SAS 7.89
0%
200 Willy Hernangomez 5517 6-11 2017 2023 NYK,CHO,NOP 15.99
0%
351 Yinka Dare 604 7-0 1995 1998 NJN 5.49
0%
391 Yves Missi 335 6-11 2025 2025 NOP 19.71
0%
539 Yvon Joseph 2 6-11 1986 1986 NJN 2.00
0%
254 Zan Tabak 2684 7-0 1995 2001 HOU,TOR,BOS,IND 10.05
0%
317 Zarko Cabarkapa 1180 6-11 2004 2006 PHO,GSW 7.87
0%
262 Zeljko Rebraca 2419 7-0 2002 2006 DET,ATL,LAC 10.66
0%
316 Zendon Hamilton 1182 6-11 2001 2006 LAC,DEN,TOR,PHI,MIL,CLE 8.82
0%
No matching quizzes found
Score Distribution
Percent of People with Each Score
Percentile by Number Answered
Your Score History
You have not taken this quiz since the last reset